000
00269nam a2200109Ia 4500
008
200302s9999 xx 000 0 und d
100
_a
Jules J. A Janssen
245
_a
Building with Bamboo A Handbook 2nd ed.
260
_b
ITDG Publishing
260
_c
2005
300
_a
65
999
_c
6808
_d
6808